000 003130000a22000970004500
100 1 _aKinsler, F. Ross
245 1 0 _aEducación teológica diversificada e integrada en el Seminario Bíblico Latinoamericano
300 _aVol. 10, Num 2 (Diciembre, 1990), Páginas 68-69
773 0 _tVida y pensamiento
942 _cANA
999 _c53000
_d53000